Η μερική απασχόληση στην ευρωπαϊκή κοινότηατα : οικονομικές και κοινωνικές όψεις
Αποθηκεύτηκε σε:
| Συγγραφή απο Οργανισμό/Αρχή: | |
|---|---|
| Μορφή: | Βιβλίο |
| Γλώσσα: | Greek |
| Δημοσίευση: |
Λουξεμβούργο :
Υπηρεσία Επισήμων Εκδόσεων των Ευρωπαϊκών Κοινοτήτων,
1993.
|
| Θέματα: | |
| Ετικέτες: |
Προσθήκη ετικέτας
Δεν υπάρχουν, Καταχωρήστε ετικέτα πρώτοι!
|
MARC
| LEADER | 00000cam a2200000 a 4500 | ||
|---|---|---|---|
| 001 | 1/119792 | ||
| 008 | 190807s1993####fr | ||| |||| ||gre|| | ||
| 020 | |a 928265575X |q (χαρτόδετο) | ||
| 040 | |a GR-MyUa |b gre |c GR-MyUa |e AACR2 | ||
| 041 | 0 | |a gre | |
| 082 | 7 | |a 331.25727094 |2 (23) | |
| 110 | 2 | |a Ευρωπαικό Ιδρυμα για την Βελτίωση των Συνθηκών Διαβιώσεως και Εργασίας. | |
| 245 | 1 | 2 | |a Η μερική απασχόληση στην ευρωπαϊκή κοινότηατα : |b οικονομικές και κοινωνικές όψεις / |c Ευρωπαικό Ιδρυμα για την Βελτίωση των Συνθηκών Διαβιώσεως και Εργασίας. |
| 260 | |a Λουξεμβούργο : |b Υπηρεσία Επισήμων Εκδόσεων των Ευρωπαϊκών Κοινοτήτων, |c 1993. | ||
| 300 | |a 64 σ. : |b εικ., πίν. ; |c 21 εκ. | ||
| 504 | |a Περιλαμβάνει βιβλιογραφία. | ||
| 650 | 0 | |a Part-time employment |z European Economic Community countries. | |
| 650 | 0 | |a Employment and employees |x Social aspects. | |
| 650 | 0 | |a Labor market |z Europe. | |
| 852 | |a INST |b CHIOS |c TSAMOYRGELIS |e 20190807 |h 331.25727094 ΕΥΡ |p 005200038947 |q 005200038947 |t BK |y 0 | ||
| 970 | |a Παροικάκη |b Βασιλική |z 07-08-2019 | ||